| 000 | 00449nam a22001697a 4500 | ||
|---|---|---|---|
| 005 | 20180720102210.0 | ||
| 008 | 160514b xxu||||| |||| 00| 0 eng d | ||
| 020 | _a978-81-203-3565-3 | ||
| 041 | _aJudgeeng | ||
| 082 |
_b2393 _a658.3 |
||
| 100 |
_aROBBINS, STEPHEN P. & JUDGE, TIMOTHY, A _94576 |
||
| 245 | _aUnderstanding Organizational Behaviour | ||
| 260 |
_aNew Delhi _bPHI, _c2007 |
||
| 300 | _a683p, | ||
| 650 |
_aManagement _9241 |
||
| 942 | _cBK | ||
| 999 |
_c855 _d855 |
||